| 000 | 00712nam a2200229Ia 4500 | ||
|---|---|---|---|
| 003 | OSt | ||
| 005 | 20220923231010.0 | ||
| 006 | a|||||r|||| 00| 0 | ||
| 007 | ta | ||
| 008 | 220922b |||||||| |||| 00| 0 pan d | ||
| 024 | _a351,730 | ||
| 037 | _cTextual | ||
| 040 |
_aARTS _cARTS _bpan |
||
| 041 |
_2pan _apan |
||
| 082 | _aQ8441:21:g, 153L9 | ||
| 100 | _aਰਾਏ, ਜਸਬੀਰ ਸਿੰਘ | ||
| 245 | 0 | _aਗੁਰੂ ਗ੍ਰੰਥ ਸਾਹਿਾਬ ਵਿਚ ਬ੍ਰਹਮ ਦਾ ਸੰਕਲਪ | |
| 260 | _c1979 | ||
| 650 |
_aਸਿੱਖ ਧਰਮ _9156314 |
||
| 942 |
_hQ8441:21:g, 153L9 _cTEXL _2CC |
||
| 999 |
_c388686 _d388686 |
||